00922nam a22002657i 4500003000900000005001700009007000300026008004100029020001800070040003000088041000800118082001900126111010400145245006000249264004200309300002700351336002700378337003300405338002800438590002600466910000700492942001400499952012600513999001700639DO-SdBNP20250520132752.0ta250520b2016 |||||||| |||| 00| 0 spa d a9781516947669 aDO-SdBNPbspacBNPHUerda hspa axxxbT693h2221 aConcurso de Arte y Literatura BancentralcSanto Domingo, República Dominicana) d27 : 20239878341 aHistorias en la media isla /cLeonardo E. Torres Madera aEstados Unidos :bCharleton, SCc2016 a412 páginas ;c24 cm ardacontentbtexto2txt ardamediabsin mediación2n ardacarrierbvolumen2nc aInventariado, 2025/DG aDG 2ddccLBS1 00102ddc51708PDaBNPHUbBNPHUcCTd2025-05-20edonaciónl0oBNPHU PD T693hp2025-4444r2025-05-20w2025-05-20yLBS1 c59066d59066